| 000 | 00709 a2200169 4500 | ||
|---|---|---|---|
| 003 | Nust | ||
| 005 | 20230306112408.0 | ||
| 040 | _cNust | ||
| 082 | _a305.4,PAT | ||
| 100 |
_aRashida Patel. _9109816 |
||
| 245 |
_aWomen and law in Pakistan / _cRashida Patel. |
||
| 260 |
_aKarachi : Faiza Publishers, _b Faiza Publishers, _c 1979. |
||
| 300 |
_axxxii, 194 p. _b23 cm. |
||
| 505 | _aNeed for Reforms (Paeg-1), A Girl Child is Born (Paeg-24), Marriage-Nikah (Paeg-43), Husband and Wife (Paeg-66), Polygamy (Paeg-88), Taliq,Taliq,Taliq (Paeg-98), Divorce by Wife (Paeg-116), Inheritance (Paeg-138), Matrimonial and Family Law Courts (Paeg-156). | ||
| 650 |
_aWomen and law in Pakistan _9109817 |
||
| 942 |
_2ddc _cBK |
||
| 999 |
_c184735 _d184735 |
||